|
|
|
|
| LEADER |
00000nam a2200000 a 4500 |
| 001 |
vtls001225063 |
| 003 |
SK-MaSNL |
| 005 |
20260301112712.0 |
| 008 |
251124s1995 PL a 0 pol |
| 020 |
|
|
|a 8386077492
|c [55,00]
|
| 035 |
|
|
|a SNK000171868
|
| 040 |
|
|
|a SNK
|b slo
|c SNK
|e AACR2
|
| 044 |
|
|
|a PL
|
| 080 |
|
|
|a 728.82(438-31)
|2 1981
|
| 100 |
1 |
|
|a Skorupa, Andrzej
|4 aut
|9 453799
|
| 245 |
1 |
|
|a Zamki i kasztele na Polskim Podtatrzu
|c Andrzej Skorupa
|
| 260 |
|
|
|a Kraków
|b Oficyna Podhalańska
|c 1995
|
| 300 |
|
|
|a 73 s., 24 obr. na príl.
|c 21 cm
|
| 650 |
0 |
7 |
|a zámky
|2 SNKPH
|9 3041
|
| 650 |
0 |
7 |
|a kaštiele
|2 SNKPH
|9 28599
|
| 651 |
|
7 |
|a Vysoké Tatry (Poľsko a Slovensko : pohorie)
|2 SNKPHgeo
|9 67729
|
| 919 |
|
|
|a 83-86077-49-2
|
| 999 |
|
|
|c 711313
|d 713243
|
| 952 |
|
|
|t P60, <04>, [BOOK], {604}
|a SNK
|b SNK
|y VYP
|7 0
|p 17A0023732
|o snkIC 126277
|i snkV 62/97
|0 0
|1 0
|4 0
|d 1996-12-17
|l 0
|r 2005-01-01 00:00:00
|w 2026-02-23
|